000 00599nam a22002417a 4500
003 UA-OsUOA
001 30588
007 ta
008 20041111b un ||||| |||| 00| 0 ukr d
100 _aМендельсон М.
090 _a82.09(73)
_bМ50
942 _cBK
040 _aUA-OsUOA
_brus
_cUA-OsUOA
_dUA-OsUOA
245 _aРоман США сегодня
300 _a400 с.
_bІлюстрації
955 _a0
041 _arus
080 _a82.09(73)
260 _aМосква
_bСоветский писатель
_c1977
044 _aRU
650 7 _2UDC
999 _c317001
_d317001